<?xml version="1.0" encoding="UTF-8"?>
<marc:record xmlns:marc="http://www.loc.gov/MARC21/slim">
   <marc:leader>00000nam a2200000 a 4500</marc:leader>
   <marc:datafield ind1="1" ind2=" " tag="100">
      <marc:subfield code="a">Ihle, Jörg</marc:subfield>
      <marc:subfield code="4">aut</marc:subfield>
      <marc:subfield code="e">Verfasser/-in</marc:subfield>
   </marc:datafield>
   <marc:datafield ind1="1" ind2=" " tag="100">
      <marc:subfield code="a">Hochwald, Dominik</marc:subfield>
      <marc:subfield code="4">aut</marc:subfield>
      <marc:subfield code="e">Verfasser/-in</marc:subfield>
   </marc:datafield>
   <marc:datafield ind1=" " ind2=" " tag="653">
      <marc:subfield code="a">Bilderbuch</marc:subfield>
   </marc:datafield>
   <marc:datafield ind1=" " ind2=" " tag="653">
      <marc:subfield code="a">Erzählerische Bilderbücher</marc:subfield>
   </marc:datafield>
   <marc:datafield ind1=" " ind2=" " tag="653">
      <marc:subfield code="a">Dinosaurier Bilderbuch</marc:subfield>
   </marc:datafield>
   <marc:datafield ind1=" " ind2=" " tag="653">
      <marc:subfield code="a">Dinos Bilderbuch</marc:subfield>
   </marc:datafield>
   <marc:datafield ind1=" " ind2=" " tag="653">
      <marc:subfield code="a">Dinos Europapark</marc:subfield>
   </marc:datafield>
   <marc:datafield ind1=" " ind2=" " tag="653">
      <marc:subfield code="a">Dinosaurier Europapark</marc:subfield>
   </marc:datafield>
   <marc:datafield ind1=" " ind2=" " tag="653">
      <marc:subfield code="a">Madame Freudenreich Europapark</marc:subfield>
   </marc:datafield>
   <marc:datafield ind1=" " ind2=" " tag="653">
      <marc:subfield code="a">Europapark Rust</marc:subfield>
   </marc:datafield>
   <marc:datafield ind1=" " ind2=" " tag="653">
      <marc:subfield code="a">Dinosaurier Abenteuer</marc:subfield>
   </marc:datafield>
   <marc:datafield ind1=" " ind2=" " tag="653">
      <marc:subfield code="a">Oma Bilderbuch</marc:subfield>
   </marc:datafield>
   <marc:datafield ind1=" " ind2=" " tag="653">
      <marc:subfield code="a">Oma Enkel Bilderbuch</marc:subfield>
   </marc:datafield>
   <marc:datafield ind1=" " ind2=" " tag="653">
      <marc:subfield code="a">Oma Abenteuer</marc:subfield>
   </marc:datafield>
   <marc:datafield ind1=" " ind2=" " tag="653">
      <marc:subfield code="a">Abenteuer</marc:subfield>
   </marc:datafield>
   <marc:datafield ind1=" " ind2=" " tag="653">
      <marc:subfield code="a">Dinosaurier</marc:subfield>
   </marc:datafield>
   <marc:datafield ind1=" " ind2=" " tag="653">
      <marc:subfield code="a">Familie &amp; Alltag</marc:subfield>
   </marc:datafield>
   <marc:datafield ind1=" " ind2=" " tag="653">
      <marc:subfield code="a">Garten</marc:subfield>
   </marc:datafield>
   <marc:datafield ind1="0" ind2="0" tag="245">
      <marc:subfield code="a">Dinosaurier in Omas Garten</marc:subfield>
   </marc:datafield>
   <marc:datafield ind1="0" ind2="0" tag="245">
      <marc:subfield code="c">Ihle, Jörg</marc:subfield>
   </marc:datafield>
   <marc:datafield ind1=" " ind2="1" tag="264">
      <marc:subfield code="a">Münster</marc:subfield>
      <marc:subfield code="b">Coppenrath</marc:subfield>
   </marc:datafield>
   <marc:datafield ind1=" " ind2=" " tag="250">
      <marc:subfield code="a">[1. Auflage]</marc:subfield>
   </marc:datafield>
   <marc:datafield ind1="1" ind2=" " tag="520">
      <marc:subfield code="a">Ein GIGANTISCHES Geheimnis&#xD;
&#xD;
Leon und Sophie freuen sich riesig auf die Ferien bei ihrer Oma. Doch wie GIGANTISCH die gemeinsame Zeit wirklich wird, hätten sich die Geschwister niemals träumen lassen: Oma versteckt in ihrem Gewächshaus nämlich waschechte Dinosaurier. Die Dinos sind Omas beste Freunde und super Spielkameraden – auch wenn man mit einem riesigen Stegosaurus nur schwer verstecken spielen kann. Für Leon und Sophie ist bald klar: Die Dinos haben nicht genug Platz. Doch wo sollen sie nur hin? &#xD;
&#xD;
Erfolgreiche Buchreihe in Kooperation mit dem Europa-Park&#xD;
Aufregende Welt: Dinosaurier in unserer Zeit&#xD;
Zentrale Werte: Einfühlungsvermögen, Freundschaft, Zusammenhalt und Geheimnisse bewahren&#xD;
Liebevoll erzählt und kindgerecht illustriert&#xD;
&#xD;
 &#xD;
&#xD;
Die liebevoll illustrierte und unaufgeregt erzählte Geschichte nimmt kleine Dino-Fans mit in eine faszinierende Welt mit Wohlfühlatmosphäre und vermittelt ganz nebenbei emotionale Werte wie Freundschaft, Familie und Zusammenhalt. &#xD;
&#xD;
Das Buch entstand in Kooperation mit dem Europa-Park Rust: https://www.europapark.de/de/attraktionen/madame-freudenreich-curiosites &#xD;
&#xD;
Entdecken Sie auch die anderen Bände der beliebten Bilderbuchreihe aus dem Coppenrath Verlag:&#xD;
&#xD;
Dinosaurier in Omas Garten (Bd. 1)&#xD;
Dinosaurier im Freibad (Bd. 2)&#xD;
Dinosaurier in der Flugschule (Bd. 3)&#xD;
Dinosaurier auf dem Bauernhof (Bd. 4)&#xD;
Dinosaurier auf Omas Geburtstag (Bd. 5)&#xD;
Dinosaurier feiern Weihnachten (Bd. 6)</marc:subfield>
   </marc:datafield>
   <marc:datafield ind1=" " ind2=" " tag="020">
      <marc:subfield code="a">9783649630265</marc:subfield>
      <marc:subfield code="9">9783649630265</marc:subfield>
   </marc:datafield>
   <marc:datafield ind1=" " ind2=" " tag="020">
      <marc:subfield code="a">3649630265</marc:subfield>
      <marc:subfield code="9">3649630265</marc:subfield>
   </marc:datafield>
   <marc:datafield ind1=" " ind2=" " tag="041">
      <marc:subfield code="a">ger</marc:subfield>
   </marc:datafield>
   <marc:datafield ind1="1" ind2=" " tag="521">
      <marc:subfield code="a">Vorschulkind</marc:subfield>
   </marc:datafield>
   <marc:datafield ind1=" " ind2=" " tag="338">
      <marc:subfield code="a">Band</marc:subfield>
   </marc:datafield>
   <marc:datafield ind1=" " ind2=" " tag="300">
      <marc:subfield code="a">34 ungezählte Seiten</marc:subfield>
   </marc:datafield>
</marc:record>
